Sports Quiz

Random Sports or NBA Quiz

Top 20 Shooting Guards in the NBA Quiz Stats

 Plays Quiz not verified by Sporcle

Score 0/20 Timer 10:00
0 Plays Today
Ranking Player % Correct
1James Harden
98.9%
2Klay Thompson
97.3%
4DeMar DeRozan
95.8%
3Jimmy Butler
92%
8Bradley Beal
90.4%
6Dwyane Wade
89.3%
5C.J. McCollum
88.1%
7Khris Middleton
75.1%
17J.R. Smith
75.1%
16Victor Oladipo
71.6%
Ranking Player % Correct
12Avery Bradley
70.1%
11J.J. Redick
69.7%
18Danny Green
67.8%
9Evan Fournier
59.8%
15Gary Harris
56.3%
19Tony Allen
54.4%
10Rodney Hood
51.3%
14Wesley Matthews
51.3%
13Kentavious Caldwell-Pope
46.7%
20Will Barton
39.5%

You're not logged in!

Compare scores with friends on all Sporcle quizzes.
OR
Log In

Sporcle TV

Today on Sporcle TV


Watch our educational content, quiz creation guides, and fun videos on Sporcle TV.

Show Comments

Extras

Top Quizzes Today


Score Distribution

Your Account Isn't Verified!

In order to create a playlist on Sporcle, you need to verify the email address you used during registration. Go to your Sporcle Settings to finish the process.

Report this User

Report this user for behavior that violates our Community Guidelines.

Details: